00735nam a2200229 a 450000100060000000300080000600500170001400800410003102000320007202000280010403500190013204000230015104100080017408200260018224500840020826000520029230000350034450400510037965000190043070000230044983000330047269452BD-RjUL20211209081906.0960731s1997 enkab b 001 0 eng  a0585372632 (electronic bk.) a0262024152 (alk. paper) a(BD-RjUL)69664 aDLCcDLCdDLCbeng aeng00223a697.78 bHIS 199710aHistory and overview of solar heat technologies /cedited by Donald A. Beattie. aCambridge, Mass.;aLondon :bMIT Press,cc1997. axvii, 278 p. :bill. ;c24 cm. aIncludes bibliographical references and index. 0aSolar heating.1 aBeattie, Donald A. aSolar heat technologies ;v1